Normal view
MARC view
- Eigenvalues
Entry Topical Term
001 - CONTROL NUMBER
- control field: 1789
003 - CONTROL NUMBER IDENTIFIER
- control field: OSt
005 - DATE AND TIME OF LATEST TRANSACTION
- control field: 20250919152307.0
008 - FIXED-LENGTH DATA ELEMENTS
- fixed length control field: 250919|| aca||aabn | a|a d
040 ## - CATALOGING SOURCE
- Original cataloging agency: OSt
- Transcribing agency: OSt
150 ## - HEADING--TOPICAL TERM
- Topical term or geographic name entry element: Eigenvalues
670 ## - SOURCE DATA FOUND
- Source citation: Work cat.: (OSt)751588: Lewis, Mark 1788, Applied linear algebra, 2026
